Losowe stany USA na pustej mapie - Statystyki

Ogólne statystyki
  • Ten quiz został rozwiązany 1 108 razy
  • Średni wynik to 10 z 15
Odpowiedzi na mapie
Odpowiedzi zakodowano w zielono-czerwonej skali na mapie do tego quizu, zgodnie z poniższymi procentami.
 
Statystyki odpowiedzi
Stan % Poprawnych
Kalifornia
97%
Alaska
96%
Teksas
93%
Floryda
89%
Waszyngton
89%
Hawaje
86%
Nevada
80%
Arizona
77%
Nowy Jork
77%
Nowy Meksyk
77%
Idaho
73%
Kolorado
71%
Ohio
71%
Oregon
71%
Montana
70%
Georgia
69%
Luizjana
68%
Maine
68%
Michigan
68%
Dakota Północna
67%
Utah
66%
Alabama
65%
Kentucky
64%
Illinois
62%
Minnesota
62%
Dakota Południowa
61%
Karolina Południowa
61%
Mississippi
61%
Nebraska
61%
Oklahoma
61%
Pennsylwania
61%
Indiana
60%
Wyoming
60%
Iowa
58%
Wirginia
58%
New Jersey
57%
Tennessee
57%
Karolina Północna
55%
Missouri
55%
Rhode Island
55%
Maryland
53%
Wirginia Zachodnia
53%
Kansas
52%
Arkansas
51%
Vermont
51%
Delaware
50%
New Hampshire
50%
Wisconsin
49%
Massachusetts
47%
Connecticut
37%
Nie znaleziono quizów pasujących do podanych kryteriów
Rozkład punktacji
Procent ludzi z każdym wynikiem
Percentyl według liczby udzielonych odpowiedzi
Twoja historia wyników
Nie rozwiązałeś tego quizu